• 首页
  • 本馆介绍
  • 公告通知
  • 最新文献
  • 馆藏检索
  • 电子资源
  • 读者导购
  • 参考咨询
  • 我的图书馆
  • 登录
  • 详细信息显示
  • 放入我的书架
  • 预约/预借图书
  • 作者相关作品
  • 分类相关作品
  • 丛书相关作品
  • 出版社相关作品

书目信息

  • 表格格式
  • 工作单格式
  • 卡片格式
题名:
跨文化交际
    
 
作者: 李桂荣 , 莫莉莉 编著
分册:  
出版信息: 北京   国防工业出版社  2013
页数: 11,235页
开本: 23cm
丛书名:
单 册:
中图分类: G115
科图分类:
主题词: 文化交流--英语--高等学校--教材 , 文化交流 , 英语
电子资源:
ISBN: 978-7-118-08913-4
000 01063nam0 2200301 450
001 523
005 20140909170358.60
010    @a978-7-118-08913-4@dCNY42.00
100    @a20140120d2013 em y0chiy50 ea
101 0  @achi@aeng
102    @aCN@b110000
105    @ay z 000yy
106    @ar
200 1  @a跨文化交际@AKua Wen Hua Jiao Ji@f李桂荣,莫莉莉编著@FLi Gui Rong, Mo Li Li Bian Zhu
210    @a北京@c国防工业出版社@d2013
215    @a11,235页@d23cm
300    @a浙江省本科院校第二批省级实验教学示范中心建设点项目
312    @a封面英文题名:Cross-cultural communication
330    @a本书共十章,涉及文化与交际、言语交际、非言语交际、性别差异与文化交际等诸多跨文化交际内容,每章由案例、正文和练习组成。
510 1  @aCross-cultural communication@zeng
606 0  @a文化交流@x英语@x高等学校@j教材
606 0  @a文化交流
606 0  @a英语
690    @aG115@v5
701  0 @a李桂荣@ALi Gui Rong@c(女,@f1977~)@4编著
701  0 @a莫莉莉@AMo Li Li@c(女,@f1967.8~)@4编著
801  0 @aCN@bTANGWEI@c20140603
905    @b0839557-59@dG115@e34@f3
    
    跨文化交际/李桂荣,莫莉莉编著.-北京:国防工业出版社,2013
    11,235页;23cm
    浙江省本科院校第二批省级实验教学示范中心建设点项目
    
    ISBN 978-7-118-08913-4:CNY42.00
    本书共十章,涉及文化与交际、言语交际、非言语交际、性别差异与文化交际等诸多跨文化交际内容,每章由案例、正文和练习组成。
●
相关链接 在E读中查询图书 在五车中查询图书 在当当中查询图书 在豆瓣中查询图书


正题名:跨文化交际     索取号:G115/34         预约/预借

序号 登录号 条形码 馆藏地/架位号 状态 备注
1 0839557   208395574   第一样本阅览室/ [索取号:G115/34] 在馆    
2 0839558   208395583   第四借阅区/ [索取号:G115/34] 在馆    
3 0839559   208395592   第四借阅区/ [索取号:G115/34] 在馆    
唐山师范学院图书馆 欢迎您!
大连网信软件有限公司© 版权所有